Heights of polynomials and entropy in algebraic dynamics

Αποθηκεύτηκε σε:
Λεπτομέρειες βιβλιογραφικής εγγραφής
Κύριος συγγραφέας: Everest, Graham 1957-
Άλλοι συγγραφείς: Ward, Thomas 1963-
Μορφή: Βιβλίο
Γλώσσα:English
Δημοσίευση: London ; New York : Springer, c1999
Σειρά:Universitext
Θέματα:
Ετικέτες: Προσθήκη ετικέτας
Δεν υπάρχουν, Καταχωρήστε ετικέτα πρώτοι!

MARC

LEADER 00000nam a2200000 i 4500
001 1/70730
008 080116s1999 eng d
020 |a 1-85233-125-9 
035 |l 10093753 
040 |a GR-MY-UA  |b gre  |e aacr 
041 0 |a eng 
082 0 |a 516.35  |2 (22) 
100 1 |a Everest, Graham  |d 1957- 
245 1 0 |a Heights of polynomials and entropy in algebraic dynamics /  |c Graham Everest, Thomas Ward 
260 |a London ; New York :   |b Springer,   |c c1999 
300 |a xii, 211 σ.;  |b εικ.;  |c 24 εκ. 
490 1 |a Universitext 
504 |a Περιέχει βιβλιογραφικές παραπομπές (σ. [199]-207) και ευρετήριο 
650 0 0 |a Arithmetical algebraic geometry. 
650 0 0 |a Measure theory. 
650 0 0 |a Differentiable dynamical systems. 
650 0 0 |a Curves, Elliptic. 
700 1 |a Ward, Thomas  |d 1963- 
830 0 |a Universitext 
852 |a INST  |b SAMOS  |e 20080116  |h 516.35 EVE  |p 005300027273  |q 005300027273  |t BK  |y 0 
901 |a BIBL3-2008-1 
909 |a Σ  |b 143506 
922 |a 3ΕΛΗ  |b 200712  |c ΕΠΕΑΕΚ2/ΤΜΗΜΑ ΜΑΘΗΜΑΤΙΚΩΝ  |d ΕΛΕΥΘΕΡΟΥΔΑΚΗΣ 
970 |a ΡΟΥΣΣΟΥ  |b ΚΩΝΣΤΑΝΤΙΝΑ  |z 2008/01/16